| 000 | 00000cam 2200000zi 4500 |
| 001 | 9.962779 |
| 003 | CaOODSP |
| 005 | 20260514073624 |
| 006 | m o d f |
| 007 | cr mn||||||||| |
| 008 | 260514s1984 nkca ob f000 0 fre d |
| 040 | |aCaOODSP|bfre|erda|cCaOODSP |
| 043 | |an-cn-nk |
| 086 | 1 |aJS4-1/1984-76F-PDF |
| 100 | 1 |aLerette, Peter, |eauteur. |
| 245 | 14|aUne étude sur le programme d'intervention pour crises familiales de Restigouche / |cPeter Lerette. |
| 264 | 1|aCampbellton, Nouveau-Brunswick : |bMinistère du Solliciteur général du Canada, Secrétariat, Direction des programmes, |c1984. |
| 300 | |a1 ressource en ligne (96 pages) : |billustrations. |
| 336 | |atexte|btxt|2rdacontent/fre |
| 337 | |ainformatique|bc|2rdamedia/fre |
| 338 | |aressource en ligne|bcr|2rdacarrier/fre |
| 490 | 1 |aDirection des programmes - rapport pour spécialistes ; |vno. 1984-76 |
| 500 | |aÉdition numérisée de l'imprimée [par Sécurité publique Canada]. |
| 500 | |aPublié aussi en anglais sous le titre : Study on the Restigouche family crisis interveners program. |
| 500 | |a« Ce document de travail est présenté tel qu'il a été soumis au Ministère. Les opinions qu'il renferm sont celles de l'auteur et ne représentent pas nécessairement le point de vue du Ministère du Solliciteur général du Canada. » |
| 504 | |aComprend des références bibliographiques (page 96). |
| 520 | |a« Ce document de travail comprend les observations et les données recueillies, pendant une période de deux ans, sur les activités et les progrès du projet d'intervention pour crises familiales de Restigouche. Le but du présent document est de fournir à ceux qui seraient intéressés un ensemble de renseignements qui pourraient être utiles à la mise en oeuvre d'un projet semblable dans leur localité. Nous nous sommes efforcés de ne pas alourdir indûment le texte par une présentation technique des résultats de la recherche; cependant, pour ceux qu'une telle présentation intéresse, un rapport technique est annexé en deuxième partie de ce rapport » -- Page [1]. |
| 650 | 6|aServices aux familles|zNouveau-Brunswick|zRestigouche. |
| 650 | 6|aIntervention en situation de crise (Santé mentale)|zNouveau-Brunswick|zRestigouche. |
| 710 | 1 |aCanada. |bSolliciteur général Canada.|bDirection des programmes, |eorganisme de publication. |
| 775 | 08|tStudy on the Restigouche family crisis interveners program / |w(CaOODSP)9.962778 |
| 830 | #0|aRapport pour spécialistes (Canada. Solliciteur général Canada)|vno. 1984-76.|w(CaOODSP)9.808484 |
| 856 | 40|qPDF|s990 Ko|uhttps://publications.gc.ca/collections/collection_2026/sp-ps/js4-1/JS4-1-1984-76-fra.pdf |